El rey Leon : (Registro nro. 6559)
[ vista simple ]
| 000 -LEADER | |
|---|---|
| fixed length control field | 01421nam a22002777a 4500 |
| 003 - CONTROL NUMBER IDENTIFIER | |
| control field | OSt |
| 005 - DATE AND TIME OF LATEST TRANSACTION | |
| control field | 20250611163031.0 |
| 008 - FIXED-LENGTH DATA ELEMENTS--GENERAL INFORMATION | |
| fixed length control field | 200219b2019 ck a|||cr|||| 00| 0 spa d |
| 020 ## - INTERNATIONAL STANDARD BOOK NUMBER | |
| International Standard Book Number | 9789584279286 |
| 040 ## - CATALOGING SOURCE | |
| Original cataloging agency | CO-JMCR |
| Transcribing agency | CO-JMCR |
| 041 1# - LANGUAGE CODE | |
| Language code of text/sound track or separate title | spa |
| Language code of original | eng |
| 082 04 - DEWEY DECIMAL CLASSIFICATION NUMBER | |
| Classification number | J-N |
| Item number | NATr |
| 100 1# - MAIN ENTRY--PERSONAL NAME | |
| Personal name | Nathason, Jeff, |
| Relator term | autor |
| 9 (RLIN) | 762 |
| 245 13 - TITLE STATEMENT | |
| Title | El rey Leon : |
| Remainder of title | la novela |
| Statement of responsibility, etc. | Jeff Nathanson ; traducido por José Antonio Castillo Borquez |
| 250 ## - EDITION STATEMENT | |
| Edition statement | Primera edición |
| 260 ## - PUBLICATION, DISTRIBUTION, ETC. | |
| Place of publication, distribution, etc. | Bogotá : |
| Name of publisher, distributor, etc. | Planeta, |
| Date of publication, distribution, etc. | 2019 |
| 300 ## - PHYSICAL DESCRIPTION | |
| Extent | 285 páginas : |
| Other physical details | ilustraciones a blanco y negro ; |
| Dimensions | 21 cm. |
| 490 ## - SERIES STATEMENT | |
| Series statement | Planeta junior |
| 500 ## - GENERAL NOTE | |
| General note | Titulo original: The lion king: The novelization |
| 520 ## - SUMMARY, ETC. | |
| Summary, etc. | Su reino es todo lo que la luz toca.<br/>Cuando un cachorro de león llamado Simba nace, su padre, el Rey Mufasa, lo presenta ante las hermosas Tierras de Reino, en donde Simba será rey algún día. <br/>Pero cuando Mufasa muere inesperadamente, el joven Simba se culpa a sí mismo. incapaz de enfrentar a su familia, huye y deja Tierras del Reino bajo el mandato de su malvado tío Skar. Años más tarde, el joven príncipe debe tomar una decisión, ¿reclamará su tierra o le dará la espalda al reino en su momento más oscuro? |
| 546 ## - LANGUAGE NOTE | |
| Language note | traducido del inglés |
| Information code or alphabet | eng |
| 650 14 - SUBJECT ADDED ENTRY--TOPICAL TERM | |
| Topical term or geographic name entry element | Novela |
| General subdivision | Rey león |
| 9 (RLIN) | 763 |
| 650 24 - SUBJECT ADDED ENTRY--TOPICAL TERM | |
| Topical term or geographic name entry element | Novela |
| General subdivision | Animales |
| 9 (RLIN) | 764 |
| 700 1# - ADDED ENTRY--PERSONAL NAME | |
| Personal name | Castillo Bohorquez, José Antonio, |
| Relator term | traductor |
| 9 (RLIN) | 765 |
| 942 ## - ADDED ENTRY ELEMENTS (KOHA) | |
| Source of classification or shelving scheme | Dewey Decimal Classification |
| Koha item type | Books |
| Withdrawn status | Lost status | Source of classification or shelving scheme | Damaged status | Not for loan | Home library | Current library | Date acquired | Source of acquisition | Cost, normal purchase price | Total Checkouts | Total Renewals | Full call number | Barcode | Date last seen | Date last checked out | Copy number | Price effective from | Koha item type |
|---|---|---|---|---|---|---|---|---|---|---|---|---|---|---|---|---|---|---|
| Dewey Decimal Classification | Biblioteca Pública José María del Castillo y Rada | Biblioteca Pública José María del Castillo y Rada | 12/19/2019 | Donación | 0.00 | 8 | 2 | J-N NATr | 201809755 | 11/06/2024 | 11/05/2024 | Ej.1 | 02/19/2020 | Books |